Steven Universe - Giant Woman (song) - Lyrics Quiz - Statistics

General Stats
  • This quiz has been taken 44 times
  • The average score is 116 of 133
Answer Stats
Character Lyrics % Correct
a
100%
A
100%
I
100%
Steven Universe All
96%
do
96%
giant
96%
into
96%
see
96%
to
96%
turn
96%
woman,
96%
woman!
96%
woman.
96%
you
96%
You
96%
be
93%
is
93%
wanna
93%
gets
89%
who
89%
someone
86%
If
82%
if
82%
it
79%
are
75%
and
71%
the
71%
together.
71%
together
71%
can
68%
don't
68%
even
68%
forever.
68%
like
68%
might
68%
really
68%
But
64%
dance
64%
I'd
64%
me,
64%
Oh
64%
person
64%
won't
64%
because
61%
being
61%
can't
61%
chance
61%
give
61%
know
61%
wait
61%
were
61%
just
57%
great
54%
it'll
50%
huge
46%
help
43%
No matching quizzes found
Score Distribution
Percent of People with Each Score
Percentile by Number Answered
Your Score History
You have not taken this quiz